[Event "73rd ch-RUS w 2023"]
[Site "St Petersburg RUS"]
[Date "2023.10.05"]
[Round "5"]
[White "Pogonina,N"]
[Black "Garifullina,Leya"]
[Result "1/2-1/2"]
[WhiteElo "2432"]
[BlackElo "2402"]
[EventDate "2023.10.01"]

1. d4 Nf6 2. c4 e6 3. Nf3 d5 4. Nc3 Bb4 5. Qa4+ Nc6 6. e3 O-O 7. Bd2 dxc4
8. Bxc4 Bd6 9. Qc2 e5 10. dxe5 Nxe5 11. Nxe5 Bxe5 12. f4 Bxc3 13. Bxc3 Ng4
14. Bd4 c5 15. Bxc5 Re8 16. O-O b6 17. Bd4 Nxe3 18. Bxe3 Rxe3 19. f5 Re5
20. f6 Be6 21. Bxe6 Rxe6 22. fxg7 Qd4+ 23. Kh1 Rae8 24. Rad1 Qg4 25. h3 Qg6
26. Rd2 Qxc2 1/2-1/2

[Event "73rd ch-RUS w 2023"]
[Site "St Petersburg RUS"]
[Date "2023.10.05"]
[Round "5"]
[White "Korneva,Marina"]
[Black "Goltseva,Ekaterina"]
[Result "1-0"]
[WhiteElo "2361"]
[BlackElo "2338"]
[EventDate "2023.10.01"]

1. d4 Nf6 2. c4 e6 3. Nf3 b6 4. a3 Ba6 5. Qc2 Bb7 6. Nc3 c5 7. e4 cxd4 8.
Nxd4 Bc5 9. Nb3 Nc6 10. Nxc5 bxc5 11. Be3 Nd4 12. Qd1 e5 13. Bd3 Qe7 14.
O-O O-O 15. f4 exf4 16. Rxf4 Rae8 17. Bxd4 cxd4 18. Nd5 Bxd5 19. cxd5 g6
20. Qa4 Nxd5 21. Rf3 Nc7 22. Qxa7 Ne6 23. Qa4 Rb8 24. b4 Ng5 25. Rf4 d5 26.
Qc6 dxe4 27. Bxe4 Rfc8 28. Qd5 Rd8 29. Qc5 Qxc5 30. bxc5 Ne6 31. Rf2 Nxc5
32. Bf3 d3 33. a4 Nb3 34. Rd1 d2 35. a5 Rd6 36. Rb1 Rb4 37. Bd1 Rd3 38. a6
Rb6 39. a7 Rd8 40. Rxb3 Rxb3 41. Bxb3 Ra8 42. Bxf7+ Kg7 43. Bb3 Rxa7 44.
Rxd2 Rc7 45. g3 Kf6 46. Kg2 Rb7 47. Bd1 Rc7 48. Bf3 Ra7 49. Rb2 Ra6 50. h4
h5 51. Rb5 Re6 52. Rc5 Kg7 53. Rg5 Kh6 54. Kf2 Re7 55. Bd5 Kg7 56. Kf3 Rd7
57. Be4 Rd6 58. Kf4 Re6 59. Bxg6 1-0

[Event "73rd ch-RUS w 2023"]
[Site "St Petersburg RUS"]
[Date "2023.10.05"]
[Round "5"]
[White "Yakimova,Mariya"]
[Black "Badelka,Olga"]
[Result "0-1"]
[WhiteElo "2222"]
[BlackElo "2386"]
[EventDate "2023.10.01"]

1. d4 Nf6 2. c4 e6 3. g3 d5 4. Bg2 Bb4+ 5. Nd2 O-O 6. Ngf3 a5 7. O-O a4 8.
a3 Be7 9. Qc2 Nc6 10. Rd1 Bd7 11. h4 h6 12. e4 Re8 13. e5 Nh7 14. cxd5 exd5
15. Nf1 Be6 16. Ne3 Qd7 17. Bd2 Na5 18. Bxa5 Rxa5 19. Rac1 c6 20. Ne1 f6
21. f4 fxe5 22. fxe5 c5 23. Nf3 c4 24. Nh2 b5 25. Rf1 b4 26. axb4 Bxb4 27.
g4 a3 28. bxa3 Rxa3 29. Nf5 Rd3 30. Rcd1 Rxd1 31. Rxd1 Nf8 32. Rb1 Rb8 33.
Nf1 g6 34. Nxh6+ Kg7 35. g5 Qa7 36. Rd1 Qa3 37. h5 Qb3 38. Qe2 Be7 39. hxg6
Nxg6 40. Ne3 Rf8 41. Ra1 Nf4 42. Qe1 Bxg5 43. Nhg4 Nxg2 44. Ra7+ Kg6 45.
Nxg2 Bxg4 46. Qa5 Qd1+ 0-1

[Event "73rd ch-RUS w 2023"]
[Site "St Petersburg RUS"]
[Date "2023.10.05"]
[Round "5"]
[White "Kovanova,B"]
[Black "Shukhman,Anna"]
[Result "1-0"]
[WhiteElo "2306"]
[BlackElo "2232"]
[EventDate "2023.10.01"]

1. e4 c5 2. Nf3 e6 3. d4 cxd4 4. Nxd4 Nf6 5. Nc3 Nc6 6. Nxc6 bxc6 7. e5 Nd5
8. Ne4 Qc7 9. f4 Qb6 10. c4 Bb4+ 11. Ke2 f5 12. exf6 Nxf6 13. Nxf6+ gxf6
14. a3 Be7 15. b4 c5 16. Kf2 Bb7 17. b5 a6 18. Rb1 axb5 19. Rxb5 Qc7 20.
Rb3 d5 21. Qh5+ Kd8 22. Be2 d4 23. Re1 Ra6 24. Bd2 f5 25. Reb1 Bc8 26. Bf3
Bd6 27. Rb7 Bxb7 28. Rxb7 Qxb7 29. Bxb7 Rxa3 30. Qg5+ Be7 31. Qg7 Rf8 32.
Bc6 Ra2 33. Qe5 Rxd2+ 34. Ke1 Rb2 35. Qxe6 Kc7 36. Qxe7+ 1-0

[Event "73rd ch-RUS w 2023"]
[Site "St Petersburg RUS"]
[Date "2023.10.05"]
[Round "5"]
[White "Shuvalova,Polina"]
[Black "Bivol,A"]
[Result "1-0"]
[WhiteElo "2506"]
[BlackElo "2373"]
[EventDate "2023.10.01"]

1. e4 e5 2. Nf3 Nc6 3. Bb5 a6 4. Ba4 Nf6 5. O-O Nxe4 6. Re1 Nc5 7. Bxc6
dxc6 8. Nxe5 Be7 9. d4 Ne6 10. Be3 O-O 11. c4 f6 12. Nf3 Ng5 13. h3 Nxf3+
14. Qxf3 Be6 15. b3 Qd7 16. Re2 Rfe8 17. Nd2 a5 18. c5 a4 19. Rae1 Bf8 20.
Bf4 Bf7 21. Rxe8 Bxe8 22. Qc3 Bf7 23. Nc4 Rd8 24. Be3 axb3 25. axb3 Bd5 26.
f3 Qf7 27. Bf4 b6 28. Nd2 Qd7 29. b4 Bf7 30. Be3 Ra8 31. Nf1 g6 32. Bf4 Bg7
33. Ne3 h5 34. h4 Rd8 35. Nc2 bxc5 36. bxc5 Rb8 37. Bg3 Rb3 38. Qa1 Rd3 39.
Re3 Rxe3 40. Nxe3 Bh6 41. Nc2 Bb3 42. Nb4 Kg7 43. Qc3 Bf7 44. Na6 g5 45.
hxg5 Bxg5 46. Nxc7 h4 47. Bd6 Qf5 48. Qe1 Qd3 49. Kh2 Be3 50. Qxh4 Bxd4 51.
Qg4+ Kh8 52. Qc8+ Kh7 53. Qh3+ Kg7 54. Ne6+ Bxe6 55. Qxe6 Qd1 56. Qd7+ Kg6
57. Qxc6 Qg1+ 58. Kh3 Qh1+ 59. Bh2 Bg1 60. Qd6 Bxh2 61. Qxh2 Qc1 62. Qg3+
Kf7 63. Qc7+ Kg6 64. Qe7 Qh6+ 65. Kg3 Qg5+ 66. Kf2 Qh4+ 67. Ke2 Qc4+ 68.
Ke1 Qh4+ 69. Ke2 Qc4+ 70. Ke3 Qf1 71. Qe4+ Kf7 72. Qc2 Qe1+ 73. Kd3 Qf1+
74. Kc3 Qe1+ 75. Kb3 Qa5 76. Qc4+ Kg7 77. Qg4+ Kh7 78. Qe4+ Kg7 79. c6 Qb5+
80. Kc3 Qc5+ 81. Kd2 Qg5+ 82. Kd1 Qc5 83. g4 Qd6+ 84. Kc1 Qc5+ 85. Kd2 Qa5+
86. Ke2 Qc5 87. Qe6 Qc2+ 88. Kf1 Qb1+ 89. Kg2 Qb2+ 90. Kg3 Qc1 91. Qe7+ Kg6
92. Qe4+ Kg7 93. Kf2 Qb2+ 94. Ke3 Qc3+ 95. Ke2 Qb2+ 96. Kd3 Qa3+ 97. Kc4
Qa6+ 98. Kc5 Qa5+ 99. Kd6 Qd8+ 100. Ke6 Qc8+ 101. Kd5 Qd8+ 102. Kc4 Qa5
103. Qe7+ Kg6 104. c7 Qa4+ 105. Kd5 Qb3+ 106. Kd6 Qd3+ 107. Ke6 Qc4+ 108.
Kd7 Qb5+ 109. Kd8 Qa5 110. Qd7 Qb6 111. Ke8 Qe3+ 112. Qe7 Qc3 113. Kf8 Kg5
114. Qd7 Qc5+ 115. Kg7 1-0

[Event "73rd ch-RUS w 2023"]
[Site "St Petersburg RUS"]
[Date "2023.10.06"]
[Round "6"]
[White "Gunina,V"]
[Black "Bivol,A"]
[Result "1-0"]
[WhiteElo "2439"]
[BlackElo "2373"]
[EventDate "2023.10.01"]

1. d4 d5 2. c4 e6 3. Nf3 Nf6 4. Nc3 dxc4 5. e4 b5 6. e5 Nd5 7. Nxb5 Nb6 8.
Be2 Be7 9. O-O Nc6 10. Be3 O-O 11. a3 Na5 12. Qc2 Qd7 13. Nc3 Bb7 14. Rad1
Rab8 15. Ng5 Bxg5 16. Bxg5 Nc6 17. Qd2 Ne7 18. Bg4 Nbd5 19. Ne4 Nf5 20. Qc2
h6 21. Nc5 Qc6 22. Nxb7 Rxb7 23. Bc1 a5 24. Bxf5 exf5 25. Qxf5 c3 26. bxc3
Nxc3 27. Rde1 Qc4 28. Qg4 Rb6 29. f4 Rg6 30. Qf3 Qxd4+ 31. Kh1 Qd5 32. Qh3
Rc6 33. f5 Ne4 34. Qf3 Rc4 35. f6 Re8 36. fxg7 Rd4 37. Bxh6 Rxe5 38. Rb1
Re8 39. Be3 Rd3 40. Qh3 Kxg7 41. Qg4+ Kh8 42. Rf5 Qxf5 43. Qxf5 Rxe3 44.
Qxf7 Nd2 45. Rg1 R8e7 46. Qf8+ Kh7 47. Qf5+ Kg7 48. Qg4+ Kf8 49. h3 R3e4
50. Qf5+ Rf7 51. Qc5+ Ree7 52. Qd4 Re2 53. Rd1 1-0

[Event "73rd ch-RUS w 2023"]
[Site "St Petersburg RUS"]
[Date "2023.10.06"]
[Round "6"]
[White "Shukhman,Anna"]
[Black "Shuvalova,Polina"]
[Result "0-1"]
[WhiteElo "2232"]
[BlackElo "2506"]
[EventDate "2023.10.01"]

1. e4 e5 2. Nf3 Nc6 3. Bb5 a6 4. Ba4 Nf6 5. O-O Be7 6. Re1 b5 7. Bb3 O-O 8.
a4 Bb7 9. d3 d6 10. Nbd2 Re8 11. Ng5 d5 12. axb5 axb5 13. Rxa8 Qxa8 14.
exd5 Nd4 15. d6 Nxb3 16. dxe7 Nxc1 17. Qxc1 Rxe7 18. Nge4 Nd5 19. Nc5 Bc6
20. Nf3 Nf4 21. Qe3 Re8 22. Ne4 h6 23. Nh4 Bd7 24. Nc5 Bc6 25. f3 Qa2 26.
Qc1 Qd5 27. Qe3 Qa2 28. Qc1 Qd5 29. Qe3 g6 30. g3 Ne6 31. Ne4 Kg7 32. Nc3
Qd4 33. Kf2 Qxe3+ 34. Rxe3 Nd4 35. f4 g5 36. Ng2 exf4 37. gxf4 Nxc2 38. Rg3
b4 39. Nd1 Bxg2 40. Kxg2 Re2+ 41. Nf2 f6 42. h4 Kg6 43. fxg5 hxg5 44. hxg5
fxg5 45. b3 c5 46. Kf1 Re1+ 47. Kg2 Re5 48. Ng4 Re6 49. Rh3 Nd4 50. Kg3
Nxb3 51. Rh6+ Kf5 52. Rh8 Rd6 53. Ne3+ Ke6 54. Kf3 Rxd3 55. Re8+ Kd7 56.
Re5 g4+ 57. Kxg4 Kc6 58. Kf3 c4 59. Re8 c3 60. Ke2 Nc1+ 61. Ke1 Kb5 62.
Rb8+ Ka4 63. Nc4 Rd4 64. Ra8+ Kb3 65. Na5+ Kc2 66. Nc6 Re4+ 67. Kf2 b3 68.
Kf3 b2 69. Rb8 Ra4 0-1

[Event "73rd ch-RUS w 2023"]
[Site "St Petersburg RUS"]
[Date "2023.10.06"]
[Round "6"]
[White "Badelka,Olga"]
[Black "Kovanova,B"]
[Result "1-0"]
[WhiteElo "2386"]
[BlackElo "2306"]
[EventDate "2023.10.01"]

1. d4 Nf6 2. Bf4 b6 3. c4 e6 4. a3 Bb7 5. Nc3 d6 6. d5 e5 7. Bd2 Nbd7 8. e4
a5 9. Bd3 g6 10. Nge2 Bg7 11. O-O Nh5 12. b4 Nf4 13. Qc2 Nxd3 14. Qxd3 O-O
15. f3 Ba6 16. Nb5 f5 17. Nec3 Rf7 18. Be3 f4 19. Bf2 Bf8 20. bxa5 Bxb5 21.
Nxb5 Rxa5 22. a4 Nc5 23. Qc2 Nb7 24. Be1 Ra6 25. Bc3 Qd7 26. Bb4 Na5 27.
Bxa5 Rxa5 28. Nc3 g5 29. Rab1 Be7 30. Rb5 Ra8 31. a5 bxa5 32. Qa4 Bd8 33.
Rxa5 Rxa5 34. Qxa5 g4 35. Qb5 Qc8 36. Qe8+ Rf8 37. Qh5 gxf3 38. gxf3 Kh8
39. Kh1 Qa6 40. Nb5 Qa2 41. Rg1 Qxc4 42. Na7 Rg8 43. Nc6 Rxg1+ 44. Kxg1 Bf6
45. Qf7 1-0

[Event "73rd ch-RUS w 2023"]
[Site "St Petersburg RUS"]
[Date "2023.10.06"]
[Round "6"]
[White "Goltseva,Ekaterina"]
[Black "Yakimova,Mariya"]
[Result "1-0"]
[WhiteElo "2338"]
[BlackElo "2222"]
[EventDate "2023.10.01"]

1. d4 Nf6 2. c4 g6 3. Nc3 Bg7 4. e4 d6 5. Nf3 O-O 6. Be2 e5 7. O-O Nbd7 8.
Be3 Qe7 9. Qc2 c6 10. d5 c5 11. Rae1 Kh8 12. Kh1 Ng8 13. g4 Ndf6 14. h3 Bd7
15. Rg1 h6 16. Rg2 Ne8 17. Bd3 a6 18. a4 Nc7 19. a5 Rfb8 20. Ne2 b6 21.
axb6 Rxb6 22. Ng3 a5 23. Bc1 a4 24. Reg1 Na6 25. Qd2 Rb3 26. Be2 Nf6 27.
Bd1 Rb4 28. Qe2 Nh7 29. Nf5 gxf5 30. gxf5 Bf6 31. Bxh6 Rbb8 32. Ng5 Bxg5
33. Rxg5 Rg8 34. Rxg8+ Rxg8 35. Rxg8+ Kxg8 36. Qg4+ 1-0

[Event "73rd ch-RUS w 2023"]
[Site "St Petersburg RUS"]
[Date "2023.10.06"]
[Round "6"]
[White "Garifullina,Leya"]
[Black "Korneva,Marina"]
[Result "0-1"]
[WhiteElo "2402"]
[BlackElo "2361"]
[EventDate "2023.10.01"]

1. e4 e5 2. Nf3 Nc6 3. Bb5 a6 4. Ba4 Nf6 5. O-O Be7 6. Re1 b5 7. Bb3 O-O 8.
a4 b4 9. a5 d6 10. c3 Rb8 11. h3 h6 12. d4 bxc3 13. bxc3 exd4 14. cxd4 d5
15. e5 Ne4 16. Re3 Nb4 17. Nc3 Bf5 18. Ne2 c6 19. Bd2 Nxd2 20. Qxd2 Rb5 21.
Ng3 Bh7 22. Rc3 Rxa5 23. Rd1 Qb6 24. Qe2 c5 25. dxc5 Rxc5 26. Rxc5 Bxc5 27.
Ba4 d4 28. Qc4 d3 29. Rd2 Rc8 30. Kh2 Rc7 31. Bb3 Be3 32. Qg4 Bxd2 33. Nxd2
a5 34. Nc4 Qe6 35. Qd4 Rd7 36. Qc5 Qd5 37. Qc8+ Rd8 38. Qc7 Qd7 39. Qxa5
Nc6 40. Qd2 Qb7 41. Bd1 Qb5 42. Qc3 Qc5 43. f4 Qd4 44. Qb3 Qxf4 45. Qb5 Nd4
46. Qa5 Rf8 47. Qd5 Ne2 0-1

[Event "73rd ch-RUS w 2023"]
[Site "St Petersburg RUS"]
[Date "2023.10.06"]
[Round "6"]
[White "Matveeva,O"]
[Black "Pogonina,N"]
[Result "1-0"]
[WhiteElo "2160"]
[BlackElo "2432"]
[EventDate "2023.10.01"]

1. d4 Nf6 2. Nf3 d5 3. g3 e6 4. Bg2 b5 5. O-O Be7 6. a4 b4 7. c4 bxc3 8.
Nxc3 O-O 9. Bf4 c6 10. a5 Na6 11. Ne5 Bd7 12. h4 Be8 13. e3 Rc8 14. Qe2 Nb4
15. Rfd1 Nd7 16. e4 Nxe5 17. Bxe5 dxe4 18. Nxe4 f6 19. Bf4 Nd5 20. Bd2 Rb8
21. Be1 Bd7 22. Rac1 Re8 23. Nc5 Bxc5 24. dxc5 Qc7 25. h5 Qb7 26. b4 a6 27.
Bf1 Ra8 28. Qe4 Qc7 29. Bc3 f5 30. Qe1 Bc8 31. Be5 Qf7 32. h6 g5 33. Qd2
Qg6 34. Bg7 Ra7 35. Bc4 Rd7 36. Qb2 Rde7 37. Re1 Rb7 38. Bxd5 cxd5 39. c6
Rf7 40. Qe5 Rfe7 41. Rc5 Qh5 42. Kg2 Qg4 43. Bf6 Rf7 44. Rxd5 Qxb4 45. Bxg5
exd5 46. Qxe8+ Qf8 47. Qe5 Qc5 48. Be3 Qe7 49. Qxd5 Qe4+ 50. Qxe4 fxe4 51.
Bf4 Rf6 52. c7 Kf7 53. Rxe4 Bb7 54. f3 Rc6 55. Re3 Rc2+ 56. Kh3 Rc5 57. Rb3
Bc8+ 58. g4 Ke8 59. Rd3 Bd7 60. Re3+ Kf7 61. Bd6 1-0

[Event "73rd ch-RUS w 2023"]
[Site "St Petersburg RUS"]
[Date "2023.10.08"]
[Round "7"]
[White "Pogonina,N"]
[Black "Gunina,V"]
[Result "1-0"]
[WhiteElo "2432"]
[BlackElo "2439"]
[EventDate "2023.10.01"]

1. d4 d5 2. c4 c6 3. e3 Bf5 4. Nc3 Nf6 5. Nf3 e6 6. Nh4 Be4 7. f3 Bg6 8.
Nxg6 hxg6 9. Qb3 Qc7 10. Bd2 a5 11. c5 Nbd7 12. Na4 Be7 13. Be2 O-O 14. O-O
Rfb8 15. Be1 b5 16. cxb6 Nxb6 17. Bg3 Bd6 18. Bxd6 Qxd6 19. Nxb6 a4 20. Qa3
Qxa3 21. bxa3 Rxb6 22. Rfc1 Kf8 23. Rab1 Rxb1 24. Rxb1 Nd7 25. Rc1 Nb8 26.
Bd1 Ke7 27. Rb1 Nd7 28. Kf2 Ra7 29. h4 e5 30. Ke2 c5 31. dxc5 Nxc5 32. Rb4
Ra8 33. Bc2 Kd6 34. Kd2 Kc7 35. Kc3 Ra6 36. Kd2 f5 37. Rb5 Kd6 38. Rb4 Kc6
39. Kc3 Ra8 40. Kd2 Ra7 41. Kc3 Ra6 42. Kd2 Kd6 43. Bd1 Ke6 44. Rb5 Kd6 45.
Rb4 e4 46. f4 Kc6 47. Bc2 Kc7 48. g3 Ra8 49. Kc3 Kc6 50. Kd2 Ra6 51. Kc3
Kd6 52. Kd2 Kc6 53. Kc3 Ra5 54. Kd2 Kc7 55. Rd4 Kd6 56. Rb4 Ke7 57. Rb6 Ne6
58. Rb4 Nc5 59. Rb6 Ra8 60. Rb5 Rc8 61. Ra5 Kd6 62. Bxa4 Rb8 63. Rb5 Ra8
64. Rb6+ Ke7 65. Bb3 Rxa3 66. Rxg6 Nxb3+ 67. axb3 Rxb3 68. Rxg7+ Kf6 69.
Rg8 Rb2+ 70. Kd1 Rb3 71. h5 Kf7 72. Rg5 Kf6 73. Kd2 d4 74. exd4 Rd3+ 75.
Ke2 Rxd4 76. h6 Rd7 77. g4 fxg4 78. Rxg4 Ra7 79. Rh4 Ra8 80. Ke3 Kg6 81. h7
Rh8 82. Kxe4 Kg7 83. Kf3 Kf6 84. Rh5 Kg6 85. Kg4 Kf7 86. Kg5 Kg7 87. f5 Rf8
88. h8=Q+ 1-0

[Event "73rd ch-RUS w 2023"]
[Site "St Petersburg RUS"]
[Date "2023.10.08"]
[Round "7"]
[White "Korneva,Marina"]
[Black "Matveeva,O"]
[Result "1-0"]
[WhiteElo "2361"]
[BlackElo "2160"]
[EventDate "2023.10.01"]

1. d4 d5 2. c4 c6 3. Nf3 Nf6 4. e3 Bf5 5. Nc3 e6 6. Nh4 Be4 7. f3 Bg6 8.
Qb3 Qc7 9. Bd2 a5 10. c5 Nbd7 11. Na4 Be7 12. Nxg6 hxg6 13. O-O-O O-O 14.
g4 Rfb8 15. Be1 b5 16. Nb6 Rxb6 17. Bg3 Qb7 18. cxb6 Nxb6 19. h4 a4 20. Qc2
c5 21. dxc5 Bxc5 22. Kb1 Nc4 23. Bxc4 bxc4 24. h5 a3 25. hxg6 Qxb2+ 26.
Qxb2 axb2 27. Rh2 Bxe3 28. Rdh1 Bh6 29. g5 c3 30. gxh6 d4 31. Be5 1-0

[Event "73rd ch-RUS w 2023"]
[Site "St Petersburg RUS"]
[Date "2023.10.08"]
[Round "7"]
[White "Yakimova,Mariya"]
[Black "Garifullina,Leya"]
[Result "1-0"]
[WhiteElo "2222"]
[BlackElo "2402"]
[EventDate "2023.10.01"]

1. d4 Nf6 2. c4 e6 3. Nc3 Bb4 4. Qc2 d5 5. cxd5 exd5 6. Bg5 h6 7. Bh4 g5 8.
Bg3 Nc6 9. e3 h5 10. Bb5 h4 11. Be5 Bxc3+ 12. Qxc3 Bd7 13. Bxc6 Bxc6 14.
Bxf6 Qxf6 15. h3 Qd6 16. Nf3 f6 17. Rc1 O-O-O 18. Qc5 Kb8 19. Qxd6 cxd6 20.
Nd2 Kc7 21. Nb1 Kd7 22. Nc3 Ke6 23. Kd2 f5 24. a4 a6 25. b3 Bd7 26. Rcg1 b5
27. g3 hxg3 28. Rxg3 g4 29. a5 b4 30. Ne2 Rb8 31. Nf4+ Kf7 32. Rc1 Ke8 33.
hxg4 fxg4 34. Nxd5 Rf8 35. Ke1 Kd8 36. Nb6 Bf5 37. Rc6 Rf6 38. Rg1 Be4 39.
Rc4 Bf3 40. Rxb4 Rb7 41. Rc4 Ke7 42. Kd2 Rh6 43. e4 Kf7 44. d5 Kf6 45. Re1
Rh2 46. Ke3 Rh3 47. Kd4 Rh2 48. Rc6 Kg5 49. e5 Rxf2 50. exd6 Kf4 51. d7
Rxd7 52. Nxd7 Rd2+ 53. Kc3 Rxd5 54. Rc4+ Kg3 55. Nf6 Rxa5 56. Nxg4 1-0

[Event "73rd ch-RUS w 2023"]
[Site "St Petersburg RUS"]
[Date "2023.10.08"]
[Round "7"]
[White "Kovanova,B"]
[Black "Goltseva,Ekaterina"]
[Result "1/2-1/2"]
[WhiteElo "2306"]
[BlackElo "2338"]
[EventDate "2023.10.01"]

1. e4 e6 2. d4 d5 3. e5 c5 4. c3 Qb6 5. Nf3 Nc6 6. a3 Bd7 7. b4 cxd4 8.
cxd4 Rc8 9. Bb2 Na5 10. Nbd2 Nc4 11. Nxc4 dxc4 12. Rc1 Qa6 13. d5 exd5 14.
Qxd5 Ne7 15. Qd2 Be6 16. Be2 Rd8 17. Qc2 b5 18. Nd4 Ng6 19. O-O Nf4 20. Qe4
Nxe2+ 21. Qxe2 Qb6 22. Rcd1 Be7 23. Kh1 h5 24. h3 g6 25. f4 Rg8 26. f5 gxf5
27. Nxe6 Qxe6 28. Rxd8+ Bxd8 29. Rd1 Qc6 30. e6 Qxe6 31. Qf2 Bb6 32. Bd4
Bxd4 33. Qxd4 Kf8 34. Qc3 f6 35. Qf3 h4 36. Qb7 Qe7 37. Qc8+ Kf7 38. Qxf5
Rg5 39. Qh7+ Kf8 40. Qh6+ Qg7 41. Qxh4 Qe7 42. Qh8+ Kf7 43. Qh7+ Kf8 44.
Qh6+ Qg7 45. Qh4 Qe7 46. Qh8+ 1/2-1/2

[Event "73rd ch-RUS w 2023"]
[Site "St Petersburg RUS"]
[Date "2023.10.08"]
[Round "7"]
[White "Shuvalova,Polina"]
[Black "Badelka,Olga"]
[Result "1/2-1/2"]
[WhiteElo "2506"]
[BlackElo "2386"]
[EventDate "2023.10.01"]

1. d4 d5 2. c4 c6 3. Nc3 Nf6 4. Nf3 dxc4 5. a4 Bf5 6. Nh4 Bg6 7. Nxg6 hxg6
8. e3 Qc7 9. g3 e6 10. Bg2 Bb4 11. Qe2 Nbd7 12. Qxc4 a5 13. O-O e5 14. Qe2
O-O 15. dxe5 Qxe5 16. e4 Nc5 17. Bf4 Qe6 18. f3 Rfd8 19. Rfd1 Qb3 20. Be3
Rxd1+ 21. Rxd1 Nxa4 22. Nxa4 Qxa4 23. g4 Qb3 24. g5 Nh7 25. Rd3 Qe6 26. f4
Nf8 27. Qd1 Qe7 28. Kh1 Ne6 29. h4 Rd8 30. f5 Rxd3 31. Qxd3 Nf8 32. h5 gxh5
33. Bf4 g6 34. Bf3 Qd7 35. Qc4 b5 36. Qc2 c5 37. b3 a4 38. bxa4 bxa4 39.
Be2 Qd4 40. Bh2 a3 41. Bc4 Qc3 42. Qxc3 Bxc3 43. Bd6 Bd4 44. Kg2 Be3 45.
Be7 Bd4 46. Bd6 Nh7 47. fxg6 Nxg5 48. Bf4 Ne6 49. Bh6 Bg7 50. Be3 Bd4
1/2-1/2

[Event "73rd ch-RUS w 2023"]
[Site "St Petersburg RUS"]
[Date "2023.10.08"]
[Round "7"]
[White "Bivol,A"]
[Black "Shukhman,Anna"]
[Result "0-1"]
[WhiteElo "2373"]
[BlackElo "2232"]
[EventDate "2023.10.01"]

1. e4 c5 2. Nf3 e6 3. c3 d5 4. exd5 Qxd5 5. d4 cxd4 6. cxd4 Nf6 7. Nc3 Qd6
8. a3 Nc6 9. Bd3 Be7 10. Be3 b6 11. Rc1 Bb7 12. Nb5 Qd8 13. Ne5 Rc8 14.
Nxc6 Rxc6 15. Rxc6 Bxc6 16. Nxa7 Bxg2 17. Rg1 Qa8 18. Bb5+ Kf8 19. Qc1 Bd6
20. Qc8+ Ke7 21. Qxa8 Bxa8 22. Rxg7 Bxh2 23. Bg5 h6 24. Bh4 Bf4 25. Ba6 Bg5
26. Rxg5 hxg5 27. Bxg5 Be4 28. Nc8+ Kd7 29. Nxb6+ Kc7 30. Na4 Nd5 31. Bd2
Rh1+ 32. Ke2 Bg2 33. Ba5+ Kc6 34. Kd2 Bf1 35. Bxf1 Rxf1 36. Ke2 Rb1 37. Bd2
Kb5 38. Nc3+ Nxc3+ 39. Bxc3 Ka4 40. Ke3 Rh1 41. f3 Kb3 42. Kf4 Rh5 43. Ke4
Rh4+ 44. Ke3 f5 45. Kf2 f4 46. Kg2 Rh8 47. Bd2 Rf8 48. Kh3 Kc2 49. Bb4 Rg8
50. Bd6 Rg3+ 51. Kh4 Kxb2 52. Bxf4 Rxf3 53. Kg4 Rf1 54. Be5 Kxa3 55. Kg5
Kb4 56. Kg6 Kc4 57. Bf6 Kd5 58. Kf7 Kd6 59. Kg6 Rf5 60. Kf7 Kd7 61. Kg6 Ke8
62. Kg7 Rf1 63. Bg5 Rg1 64. Kf6 Kd7 65. Bh6 Kc6 66. Ke7 Rg4 67. Be3 Kd5 68.
Bf2 Re4 69. Bg1 Rh4 70. Bf2 Rh2 71. Bg3 Re2 0-1

[Event "73rd ch-RUS w 2023"]
[Site "St Petersburg RUS"]
[Date "2023.10.09"]
[Round "8"]
[White "Gunina,V"]
[Black "Shukhman,Anna"]
[Result "1-0"]
[WhiteElo "2439"]
[BlackElo "2232"]
[EventDate "2023.10.01"]

1. d4 Nf6 2. c4 e6 3. Nf3 d5 4. Nc3 dxc4 5. e4 b5 6. e5 Nd5 7. Nxb5 Nb6 8.
Be2 Nc6 9. Be3 Qd7 10. Nc3 Bb7 11. a3 Be7 12. Qc2 Na5 13. Rd1 Bc6 14. O-O
Rb8 15. d5 Nxd5 16. Bxa7 Rb7 17. Bd4 O-O 18. Nxd5 Bxd5 19. Bc3 Qb5 20. Nd4
Qb6 21. Nf5 Bg5 22. h4 Bd8 23. Qd2 c6 24. Nd6 Rb8 25. Qf4 f6 26. Bh5 Qa7
27. Qg3 Rb3 28. Rde1 fxe5 29. Bd1 Rxc3 30. bxc3 Qb8 31. Ne4 Rf4 32. Ng5 h6
33. Nf3 e4 34. Nd4 Bxh4 35. Qh2 Be7 36. Nxe6 Rf8 37. Nxf8 Qxf8 38. Bc2 Nb3
39. Bxe4 Nd2 40. Bxd5+ cxd5 41. Qe5 Nxf1 42. Qxd5+ Kh8 43. Kxf1 Bxa3 44.
Qxc4 Bc5 45. Re2 Qf5 46. Re8+ Bf8 47. g4 Qf3 48. Qe4 Qh3+ 49. Ke2 1-0

[Event "73rd ch-RUS w 2023"]
[Site "St Petersburg RUS"]
[Date "2023.10.09"]
[Round "8"]
[White "Badelka,Olga"]
[Black "Bivol,A"]
[Result "1-0"]
[WhiteElo "2386"]
[BlackElo "2373"]
[EventDate "2023.10.01"]

1. d4 d5 2. Bf4 e6 3. e3 Nf6 4. h4 Bd6 5. Nc3 Bxf4 6. exf4 Ne4 7. Qd3 Qd6
8. Nge2 Nxc3 9. Qxc3 b6 10. h5 Ba6 11. h6 g6 12. g3 Nd7 13. O-O-O Bxe2 14.
Bxe2 O-O-O 15. Kb1 Kb8 16. Qe3 Nf6 17. Bf3 Nd7 18. Rd2 b5 19. Be2 a6 20. b3
Nb6 21. Rc1 Qc6 22. c3 Rd7 23. Rdc2 Rhd8 24. Qe5 Qd6 25. Qg7 f5 26. Qf6 Ka7
27. Qe5 Qxe5 28. fxe5 Re7 29. f4 Kb8 30. Kb2 Rg8 31. c4 dxc4 32. bxc4 bxc4
33. Bxc4 g5 34. Bb3 gxf4 35. gxf4 Rg6 36. Rh1 Kb7 37. Rhh2 Re8 38. Rcg2
Reg8 39. Rg5 Rxg5 40. fxg5 Rxg5 41. Bxe6 f4 42. Rf2 Rg6 43. Bf5 Rxh6 44.
Be4+ Kb8 45. Rxf4 c5 46. Rf6 Rh2+ 47. Kc1 Na4 48. e6 Nc3 49. Bf3 Nxa2+ 50.
Kd1 Nc3+ 51. Ke1 Kc7 52. e7 Kd7 53. Re6 1-0

[Event "73rd ch-RUS w 2023"]
[Site "St Petersburg RUS"]
[Date "2023.10.09"]
[Round "8"]
[White "Goltseva,Ekaterina"]
[Black "Shuvalova,Polina"]
[Result "0-1"]
[WhiteElo "2338"]
[BlackElo "2506"]
[EventDate "2023.10.01"]

1. d4 Nf6 2. c4 e6 3. Nc3 d5 4. cxd5 exd5 5. Bg5 Be7 6. e3 h6 7. Bh4 O-O 8.
Bd3 Re8 9. Nge2 c6 10. Qc2 a5 11. O-O Nbd7 12. f3 b5 13. Rad1 Ba6 14. Kh1
Nb6 15. Bf2 Bf8 16. Ng3 h5 17. Rfe1 b4 18. Bxa6 Rxa6 19. Nce2 Qd7 20. Nf4
g6 21. Nd3 Raa8 22. Nc5 Qe7 23. e4 dxe4 24. fxe4 h4 25. Nf5 gxf5 26. Bxh4
fxe4 27. Nxe4 Qxe4 28. Rxe4 Nxe4 29. Qxc6 Re6 30. Qb5 Be7 31. Qh5 Bxh4 32.
Qxh4 Nd5 33. Rf1 Rae8 34. Qh5 Rf6 35. Rxf6 Nexf6 36. Qg5+ Kf8 37. Qh6+ Ke7
38. h3 Kd7 39. Qd2 Re3 40. Qd1 Nf4 41. Qa4+ Ke7 42. Qxa5 N6d5 43. a4 Re1+
44. Kh2 Re2 45. Qc5+ Kd7 46. Qb5+ Ke6 47. Kg3 Rxg2+ 48. Kf3 Rxb2 49. Qe8+
Kf6 50. Qh8+ Kf5 51. Qh7+ Ke6 52. Qe4+ Kf6 53. Qe5+ Kg6 54. a5 b3 55. Qb8
Ra2 56. Qxb3 Rxa5 57. Qc2+ Kg7 58. Qc8 Ra3+ 59. Kg4 Rxh3 60. Qd8 Rh6 61.
Kf3 Rg6 62. Qb8 Rg5 63. Ke4 Ne6 64. Qb2 Nf6+ 65. Kf3 Rd5 66. Qg2+ Kf8 67.
Qh2 Nxd4+ 68. Kf4 Rf5+ 69. Kg3 Rg5+ 70. Kf4 Rg4+ 71. Ke3 Ne6 72. Qh8+ Ke7
73. Qb8 Nd5+ 74. Kf3 Rg5 75. Ke4 Nf6+ 76. Kf3 Nd7 77. Qh8 Ne5+ 78. Ke4 Ng6
79. Qb8 f5+ 80. Kf3 Kf6 81. Qb6 Ne5+ 82. Kf2 f4 83. Qa7 Rg3 84. Qb8 Kf5 85.
Qb5 Ng5 86. Kf1 f3 87. Qe8 Rg2 88. Qf8+ Kg4 89. Qb4+ Kg3 90. Qe1+ Kf4 91.
Qb4+ Ne4 92. Qf8+ Ke3 93. Qa3+ Nd3 94. Qa7+ Ndc5 95. Qe7 Rd2 96. Kg1 Rd1+
97. Kh2 f2 98. Qe5 Nd3 99. Qe7 Rh1+ 100. Kxh1 f1=Q+ 101. Kh2 Qf4+ 102. Kh1
Ndf2+ 103. Kg2 Qf3+ 0-1

[Event "73rd ch-RUS w 2023"]
[Site "St Petersburg RUS"]
[Date "2023.10.09"]
[Round "8"]
[White "Garifullina,Leya"]
[Black "Kovanova,B"]
[Result "0-1"]
[WhiteElo "2402"]
[BlackElo "2306"]
[EventDate "2023.10.01"]

1. e4 e5 2. Nf3 Nc6 3. Bb5 a6 4. Ba4 Nf6 5. O-O Be7 6. Re1 b5 7. Bb3 O-O 8.
a4 b4 9. d4 d6 10. dxe5 Nxe5 11. Nxe5 dxe5 12. Qe2 a5 13. Nd2 Bc5 14. h3
Bb7 15. Bc4 Qe7 16. Bd3 Ne8 17. Nb3 Bb6 18. c3 Nf6 19. Bg5 bxc3 20. bxc3 h6
21. Bh4 Qe6 22. Nd2 Rfd8 23. Nf3 Rd6 24. Bg3 Nd7 25. Bb5 Bc6 26. Nd2 Bxb5
27. axb5 Nc5 28. Nf1 Rad8 29. Kh2 Rd3 30. Bh4 R8d6 31. Qh5 Rxc3 32. Ne3 Nd3
33. Nd5 Nf4 34. Nxf4 exf4 35. Rad1 Rc5 36. e5 Rxd1 37. Qxd1 Rd5 38. Qh5 Bd4
39. Qf3 g5 40. Rc1 Bxe5 41. Rc6 Bd6 42. b6 cxb6 43. Qc3 Rc5 44. Qf3 Rd5 45.
Qc3 Rc5 0-1